| 000 | 004770000a22001930004500 | ||
|---|---|---|---|
| 001 | 002558 | ||
| 003 | MACL | ||
| 005 | 20150930164728.0 | ||
| 008 | 150930b xxu||||| |||| 00| 0 eng d | ||
| 040 |
_aMACL _cMACL |
||
| 041 | _aEnglish | ||
| 082 | _a900/KHA | ||
| 100 |
_aSingh, Satyanaraian _913012 |
||
| 245 |
_aThe Legacy of the Nizams _cSatyanaraian Singh |
||
| 260 |
_aDelhi _c2002 _bVani Prakashan, |
||
| 350 | _a400 | ||
| 650 |
_aHistory _913013 |
||
| 942 |
_k900 _cBK _2ddc |
||
| 999 |
_c14467 _d14467 |
||